| 000 | 00576nam a22001817a 4500 | ||
|---|---|---|---|
| 003 | OSt | ||
| 005 | 20180116183054.0 | ||
| 008 | 160905b xxu||||| |||| 00| 0 eng d | ||
| 020 | _a0 | ||
| 040 | _c0 | ||
| 082 | _a630.24 MEL 1988 | ||
| 100 | _aSyed Nawab Haider Naqvi | ||
| 245 |
_aLectures on Agricultural Growth and Employment _bLectures in Development Economics No. 7 _cJohn W. Mellor |
||
| 260 |
_aPakistan _bPakistan Institute of Development Economics, _c1988 |
||
| 300 |
_a128 p. _bPB |
||
| 440 | _aLectures on Agricultural Growth and Employment | ||
| 942 |
_2ddc _cBK |
||
| 999 |
_c351764 _d351764 |
||